[Event "104th ch-GBR 2017"]
[Site "Llandudno WLS"]
[Date "2017.07.30"]
[Round "2.41"]
[White "Brewer, Callum D"]
[Black "Coleman, David J"]
[Result "1-0"]
[BlackTitle "CM"]
[WhiteElo "2015"]
[BlackElo "2135"]
[WhiteFideId "435309"]
[BlackFideId "402087"]
[EventDate "2017.07.29"]

1. e4 d5 2. exd5 Qxd5 3. Nc3 Qa5 4. d4 Nf6 5. Nf3 c6 6. Bd2 Bf5 7. Bc4 e6 8. Nd5
Qd8 9. Nxf6+ gxf6 10. Bb3 Be7 11. Nh4 Bg6 12. Nxg6 hxg6 13. Qf3 Nd7 14. O-O-O
Qc7 15. Be3 a5 16. a4 Rb8 17. c4 b5 18. c5 Qb7 19. Rd2 Rc8 20. g4 g5 21. h3 Nb8
22. Qe4 bxa4 23. Bxa4 Na6 24. f4 gxf4 25. Bxf4 Nb4 26. h4 Nd5 27. Rh3 Qb4 28.
Bb3 a4 29. Bxd5 cxd5 30. Qd3 O-O 31. g5 f5 32. Qe3 Qc4+ 33. Kd1 a3 34. bxa3 Qf1+
35. Kc2 Qc4+ 36. Qc3 Qa2+ 37. Qb2 Qc4+ 38. Qc3 Qf1 39. Rf3 Qa6 40. Qd3 Qa7 41.
Kd1 Rc6 42. h5 Ra8 43. Be5 Bd8 44. g6 f6 45. Bd6 Be7 46. Qe3 Qd7 47. Bxe7 Qxe7
48. Rxf5 Rca6 49. Rd3 R8a7 50. Rf3 e5 51. Rb3 Ra8 52. dxe5 fxe5 53. Qh6 Qg7 54.
Qxg7+ Kxg7 55. Rb7+ Kh6 56. Rf5 Rh8 57. Rxe5 d4 58. Rd5 Rxa3 59. Rxd4 Kxh5 60.
Rh7+ Rxh7 61. gxh7 Ra8 62. Rd7 1-0

[Event "104th ch-GBR 2017"]
[Site "Llandudno WLS"]
[Date "2017.07.30"]
[Round "2.42"]
[White "Ogunshola, Ben"]
[Black "Moore, Geoffrey R"]
[Result "1-0"]
[WhiteElo "2133"]
[BlackElo "2023"]
[WhiteFideId "8500231"]
[BlackFideId "446181"]
[EventDate "2017.07.29"]

1. c4 Nf6 2. Nf3 g6 3. g3 Bg7 4. Bg2 O-O 5. Nc3 d6 6. O-O e5 7. d3 h6 8. c5 Nc6
9. cxd6 cxd6 10. Rb1 Re8 11. b4 a6 12. a4 e4 13. dxe4 Nxe4 14. Nxe4 Rxe4 15. b5
axb5 16. axb5 Nd4 17. e3 Nxf3+ 18. Bxf3 Re5 19. b6 Bf5 20. Rb4 Re7 21. Bb2 Bxb2
22. Rxb2 Be4 23. Bxe4 Rxe4 24. Qd5 Re7 25. Rd1 Rd7 26. e4 Ra6 27. Qd4 h5 28. h4
g5 29. Rb5 d5 30. Qe3 gxh4 31. Rbxd5 Rxd5 32. Rxd5 Qxb6 33. Qg5+ Qg6 34. Qd8+
Kh7 35. Qxh4 Kh6 36. Qf4+ Kh7 37. Rg5 Rf6 38. Qh4 Qh6 39. Rxh5 Rg6 40. Kg2 b6
41. f4 Kg7 42. Kf3 Rc6 43. Rxh6 Rxh6 44. Qg5+ Rg6 45. Qe5+ Kh7 46. f5 Rh6 47.
Qe8 Kg7 48. e5 Rh5 49. Kf4 Rh6 50. Kg5 1-0

[Event "104th ch-GBR 2017"]
[Site "Llandudno WLS"]
[Date "2017.07.30"]
[Round "2.43"]
[White "Haridas, Girinath"]
[Black "Sun, Xinyue"]
[Result "0-1"]
[BlackTitle "WFM"]
[WhiteElo "1977"]
[BlackElo "2132"]
[WhiteFideId "427144"]
[BlackFideId "8600813"]
[EventDate "2017.07.29"]

1. d4 Nf6 2. c4 e6 3. Nc3 Bb4 4. e3 O-O 5. Ne2 d5 6. a3 Be7 7. cxd5 exd5 8. Nf4
b6 9. Bd3 Bb7 10. O-O c5 11. Re1 Bd6 12. Qf3 Re8 13. Nb5 Nc6 14. Bd2 Bb8 15. Ne2
Ne4 16. Red1 Qh4 17. g3 Qh6 18. Be1 Ng5 19. Qg2 Qh5 20. g4 Qxh2+ 21. Qxh2 Nf3+
22. Kg2 Nxh2 23. f3 Rxe3 24. Ng1 a6 25. Bf2 Re6 26. Nc3 Nxd4 27. Bxd4 cxd4 28.
Nce2 h5 29. Ng3 hxg4 30. Kxh2 gxf3 31. Nxf3 Re3 32. Kg2 g6 33. Nf1 Re7 34. Re1
Bd6 35. Nxd4 Rae8 36. Rxe7 Rxe7 37. Rd1 Be5 38. Bc2 Bxd4 39. Rxd4 Re2+ 40. Kf3
Rxc2 41. Ne3 Rxb2 0-1

[Event "104th ch-GBR 2017"]
[Site "Llandudno WLS"]
[Date "2017.07.30"]
[Round "2.44"]
[White "Kalaiyalahan, Akshaya"]
[Black "Garnett, John S"]
[Result "1-0"]
[WhiteTitle "FM"]
[WhiteElo "2127"]
[BlackElo "2005"]
[WhiteFideId "422894"]
[BlackFideId "410829"]
[EventDate "2017.07.29"]

1. Nf3 d5 2. g3 Nf6 3. Bg2 c5 4. d4 Nc6 5. O-O cxd4 6. Nxd4 g6 7. Nxc6 bxc6 8.
c4 Bg7 9. Nc3 e6 10. Qa4 Bd7 11. Rd1 O-O 12. Qc2 Qc7 13. Be3 Ng4 14. Bc5 Rfe8
15. e4 dxc4 16. Na4 Rad8 17. Qxc4 Bc8 18. Qb4 Bf8 19. Bxf8 Rxf8 20. h3 Nf6 21.
Qc3 e5 22. Rac1 Be6 23. b3 Rd6 24. Re1 Nd7 25. Rc2 f6 26. Rec1 Nb8 27. Nc5 Bf7
28. Qb4 Rd4 29. Qb7 Qxb7 30. Nxb7 Rc8 31. Na5 Be8 32. Nb7 Rc7 33. Nc5 Kf7 34.
Bf1 Ke7 35. Bc4 Bf7 36. Bxf7 Kxf7 37. Kf1 Ke7 38. f3 Rc8 39. Ke2 Rcd8 40. Nb7
Rc8 41. Na5 Kd6 42. Nb7+ Kc7 43. Nc5 Kd6 44. a3 Ke7 45. b4 Rd6 46. Nb7 Rd4 47.
b5 Kd7 48. Na5 Rd6 49. b6 a6 50. Nb7 Rd4 51. Nc5+ Kd6 52. Rb1 Re8 53. Ke3 g5 54.
h4 gxh4 55. gxh4 Rg8 56. b7 f5 57. exf5 Rxh4 58. Ne4+ Kc7 59. f6 Nd7 60. Rbc1
Kxb7 61. Rxc6 Rd8 62. Nd6+ Kb8 63. Rc8+ Rxc8 64. Rxc8+ Ka7 65. Rc7+ Kb6 66. Rxd7
Kc6 67. Rd8 Kc7 68. f7 1-0

[Event "104th ch-GBR 2017"]
[Site "Llandudno WLS"]
[Date "2017.07.30"]
[Round "2.45"]
[White "Cole, James"]
[Black "Jackson, Sheila"]
[Result "0-1"]
[BlackTitle "WGM"]
[WhiteElo "1950"]
[BlackElo "2125"]
[WhiteFideId "431818"]
[BlackFideId "402508"]
[EventDate "2017.07.29"]

1. e4 e5 2. Nf3 Nc6 3. Bb5 a6 4. Ba4 Nf6 5. Qe2 d6 6. O-O g6 7. c3 Bg7 8. Bxc6+
bxc6 9. d4 exd4 10. cxd4 O-O 11. Nc3 Re8 12. Qc2 Nxe4 13. Nxe4 Bf5 14. Qxc6 Bxe4
15. Qc3 Bxf3 16. Qxf3 Bxd4 17. Be3 Bxe3 18. fxe3 f5 19. Rac1 Re4 20. Rc3 Rb8 21.
b3 Qe7 22. g3 c5 23. Rd1 a5 24. Rd5 Qf6 25. Rcd3 Qa1+ 26. Kg2 Qxa2+ 27. Qf2
Qxf2+ 28. Kxf2 Re6 29. Ke2 Rb6 30. h4 h5 31. Rc3 Kf7 32. Rd2 Re4 33. Ra2 Rb5 34.
Rd3 Ke6 35. Rad2 Rb6 36. Ra2 Reb4 37. Rxa5 Rxb3 38. Rxb3 Rxb3 39. Ra8 Rb2+ 40.
Kf3 Rb4 41. Rg8 Rg4 42. Rc8 Kd5 43. Rd8 Kc6 0-1

[Event "104th ch-GBR 2017"]
[Site "Llandudno WLS"]
[Date "2017.07.30"]
[Round "2.46"]
[White "Maroroa, Sue"]
[Black "Ahluwalia, Amardip"]
[Result "0-1"]
[WhiteTitle "WIM"]
[WhiteElo "2116"]
[BlackElo "1995"]
[WhiteFideId "4301498"]
[BlackFideId "437085"]
[EventDate "2017.07.29"]

1. e4 e5 2. Nf3 Nc6 3. d4 exd4 4. Nxd4 Nf6 5. Nxc6 bxc6 6. e5 Qe7 7. Qe2 Nd5 8.
c4 Nb6 9. Nc3 a5 10. Qe4 g6 11. Be3 Ba6 12. Bxb6 cxb6 13. O-O-O Bg7 14. f4 O-O
15. h4 f6 16. h5 fxe5 17. hxg6 Rxf4 18. Qe3 h6 19. Qxb6 Bxc4 20. g3 Rxf1 21.
Rhxf1 Bxf1 22. Rxf1 Qg5+ 23. Kb1 Qxg6+ 24. Ka1 Rf8 25. Rd1 Qc2 26. Qxa5 e4 27.
Qa4 Qxa4 28. Nxa4 e3 0-1

[Event "104th ch-GBR 2017"]
[Site "Llandudno WLS"]
[Date "2017.07.30"]
[Round "2.47"]
[White "Golding, James"]
[Black "Burrows, Martin P"]
[Result "0-1"]
[WhiteElo "1942"]
[BlackElo "2115"]
[WhiteFideId "427250"]
[BlackFideId "409057"]
[EventDate "2017.07.29"]

1. d4 Nf6 2. c4 g6 3. Nc3 Bg7 4. e4 d6 5. f3 O-O 6. Be3 a6 7. Qd2 Nbd7 8. Nh3 c5
9. d5 b5 10. cxb5 Qa5 11. a4 Nb6 12. Ra3 Bxh3 13. gxh3 axb5 14. Bxb5 Ne8 15. Qc2
Nc7 16. Bd2 Rab8 17. O-O e6 18. Rd1 Qa7 19. Bf4 e5 20. Be3 Nxb5 21. Nxb5 Qd7 22.
h4 Rfc8 23. b3 Bf8 24. Qf2 Na8 25. Rc1 h5 26. Kg2 Re8 27. Rc3 Rb7 28. Ra1 Nc7
29. Na3 Reb8 30. Rb1 Rb4 31. Qe1 f5 32. Nc2 fxe4 33. Nxb4 cxb4 34. Rc4 exf3+ 35.
Kh1 Nxd5 36. Qd2 Nc3 37. Rg1 Kh7 38. Qd3 e4 39. Qd2 Qf7 40. Qf2 Bg7 41. Rc6 Ne2
42. Rxd6 Nxg1 43. Qxg1 Rf8 44. Rd2 Qxb3 45. Bc5 Rc8 46. Rd6 Qf7 0-1

[Event "104th ch-GBR 2017"]
[Site "Llandudno WLS"]
[Date "2017.07.30"]
[Round "2.48"]
[White "Lam, Paul G M"]
[Black "Davis, Lee"]
[Result "1-0"]
[WhiteElo "2111"]
[BlackElo "1952"]
[WhiteFideId "411566"]
[BlackFideId "1801325"]
[EventDate "2017.07.29"]

1. d4 Nf6 2. Bf4 g6 3. Nc3 d6 4. e4 Bg7 5. Nf3 Bg4 6. h3 Bxf3 7. Qxf3 c6 8.
O-O-O O-O 9. e5 Ne8 10. h4 Qa5 11. Qe3 Nd7 12. exd6 exd6 13. h5 Ndf6 14. hxg6
fxg6 15. Qe6+ Rf7 16. Bxd6 Nxd6 17. Qxd6 Rd8 18. Qe6 Qg5+ 19. Kb1 Re8 20. Qh3 b5
21. Bd3 Bf8 22. f3 Nd5 23. Nxd5 cxd5 24. Bxb5 Rb8 25. Ba4 Qd8 26. Bb3 a5 27. Qe6
Rb5 28. a4 Rxb3 29. cxb3 Qc7 30. Qxd5 Kh8 31. Qe5+ 1-0

[Event "104th ch-GBR 2017"]
[Site "Llandudno WLS"]
[Date "2017.07.30"]
[Round "2.49"]
[White "Shepherd, Katherine M"]
[Black "Okhai, Shabir"]
[Result "1/2-1/2"]
[WhiteElo "1929"]
[BlackElo "2111"]
[WhiteFideId "412031"]
[BlackFideId "445134"]
[EventDate "2017.07.29"]

1. d4 Nf6 2. Nf3 e6 3. c4 d5 4. e3 b6 5. Nc3 Bb7 6. cxd5 exd5 7. Ne5 Be7 8. Qa4+
c6 9. Be2 O-O 10. O-O Bd6 11. f4 c5 12. Bf3 Ne4 13. Bxe4 dxe4 14. dxc5 Bxc5 15.
Rd1 Qe8 16. Qc4 Qe6 17. Qxe6 fxe6 18. a3 Na6 19. b4 Nxb4 20. axb4 Bxb4 21. Nb5
a5 22. Ba3 Bxa3 23. Rxa3 Rfd8 24. Rd7 Rxd7 25. Nxd7 Bc6 26. Nxb6 Ra6 27. Nd4
Rxb6 28. Nxc6 Rxc6 29. Rxa5 Rc1+ 30. Kf2 Rc2+ 31. Kf1 Rc3 32. Ke2 Rc2+ 33. Kf1
Rc3 34. Ke2 Rc2+ 35. Kf1 Rc4 36. Ra7 Rc3 37. Ke2 Rc2+ 38. Kf1 Rc3 39. Ke2 Rc2+
40. Kf1 Rc4 41. Re7 Rc6 42. Ra7 1/2-1/2

[Event "104th ch-GBR 2017"]
[Site "Llandudno WLS"]
[Date "2017.07.30"]
[Round "2.50"]
[White "Stewart, Ashley"]
[Black "Howell, Oliver W"]
[Result "1-0"]
[WhiteElo "2111"]
[BlackElo "1701"]
[WhiteFideId "419001"]
[BlackFideId "435929"]
[EventDate "2017.07.29"]

1. c4 f5 2. g3 Nf6 3. Bg2 e6 4. Nf3 Be7 5. O-O O-O 6. Nc3 d6 7. b4 e5 8. d3 c6
9. b5 Qc7 10. Rb1 d5 11. cxd5 Nxd5 12. Bb2 Bf6 13. Nxd5 cxd5 14. Qb3 Rd8 15. Qc3
Qxc3 16. Bxc3 d4 17. Ba5 Re8 18. Nd2 Nd7 19. Rfc1 Nb6 20. Rc2 Rb8 21. Bxb6 axb6
22. Nc4 Be6 23. Nxb6 Bd8 24. Na4 Ra8 25. Nc5 Rxa2 26. Rxa2 Bxa2 27. Ra1 b6 28.
Bc6 Re7 29. Rxa2 bxc5 30. Ra8 1-0

[Event "104th ch-GBR 2017"]
[Site "Llandudno WLS"]
[Date "2017.07.30"]
[Round "2.51"]
[White "Modi, Shyam Jagdish"]
[Black "Brozel, Sacha"]
[Result "0-1"]
[WhiteElo "1908"]
[BlackElo "2097"]
[WhiteFideId "446025"]
[BlackFideId "429317"]
[EventDate "2017.07.29"]

1. d4 e6 2. c4 Nf6 3. g3 Bb4+ 4. Bd2 c5 5. Bxb4 cxb4 6. Bg2 O-O 7. e4 d6 8. Ne2
Nc6 9. a3 Qb6 10. O-O a5 11. axb4 Nxb4 12. Nbc3 e5 13. Qd2 Bg4 14. f3 Be6 15. b3
Rfd8 16. Kh1 Na6 17. Ra3 exd4 18. Nxd4 Nc5 19. Rb1 Ra6 20. Bf1 Qb4 21. Nc2 Qb6
22. Nb5 Nfd7 23. Ncd4 Ne5 24. f4 Nxe4 25. Qg2 Ng4 26. h3 Ngf2+ 27. Kg1 Bxh3 28.
Qh2 Bd7 29. Re1 Bxb5 30. cxb5 Qxd4 31. bxa6 Ng4+ 32. Kh1 Nxh2 33. Rxe4 Qxe4+ 34.
Bg2 Nf3 35. Ra1 Qd5 36. Rf1 0-1

[Event "104th ch-GBR 2017"]
[Site "Llandudno WLS"]
[Date "2017.07.31"]
[Round "3.1"]
[White "Howell, David W L"]
[Black "Wells, Peter K"]
[Result "1-0"]
[WhiteTitle "GM"]
[BlackTitle "GM"]
[WhiteElo "2702"]
[BlackElo "2434"]
[WhiteFideId "410608"]
[BlackFideId "400327"]
[EventDate "2017.07.29"]

1. Nf3 c5 2. g3 Nc6 3. Bg2 g6 4. d4 cxd4 5. Nxd4 Bg7 6. Nb3 d6 7. Nc3 Nf6 8. h3
Be6 9. O-O h5 10. e4 Qd7 11. Kh2 Bc4 12. Re1 e5 13. Be3 Bh6 14. Bxh6 Rxh6 15.
Qd2 Rh8 16. Rad1 Bxb3 17. axb3 Nd4 18. Ne2 Nxe2 19. Rxe2 Rd8 20. Re3 h4 21. g4
Kf8 22. Rd3 Ne8 23. f4 Qe7 24. Qc3 f6 25. f5 Kg7 26. b4 Rd7 27. Qb3 Nc7 28. c4
Rhd8 29. b5 b6 30. Qa3 Kh7 31. Kh1 Qf8 32. Qa2 a6 33. bxa6 Ra8 34. Ra3 Qc8 35.
Ra1 Ra7 36. b4 b5 37. Qf2 Rxa6 38. Qxh4+ Kg7 39. g5 fxg5 40. Qxg5 Rxa3 41. Qxg6+
Kh8 42. Rxa3 bxc4 43. Qh6+ Rh7 44. Qf6+ Rg7 45. Qh6+ Rh7 46. Qxd6 Nb5 47. Qxe5+
Rg7 48. Qxb5 c3 49. f6 Rh7 50. Rxc3 1-0

[Event "104th ch-GBR 2017"]
[Site "Llandudno WLS"]
[Date "2017.07.31"]
[Round "3.2"]
[White "Palliser, Richard J D"]
[Black "Jones, Gawain C B"]
[Result "0-1"]
[WhiteTitle "IM"]
[BlackTitle "GM"]
[WhiteElo "2408"]
[BlackElo "2660"]
[WhiteFideId "407372"]
[BlackFideId "409561"]
[EventDate "2017.07.29"]

1. e4 e5 2. Nf3 Nc6 3. Bb5 a6 4. Ba4 d6 5. c3 Bd7 6. O-O g6 7. d4 Bg7 8. Bg5 f6
9. Be3 Nh6 10. dxe5 dxe5 11. Qd5 Qe7 12. Na3 O-O-O 13. Qd2 Ng4 14. Qe2 Nxe3 15.
Qxe3 f5 16. exf5 gxf5 17. Rad1 Kb8 18. Rd5 e4 19. Bxc6 Bxc6 20. Rxf5 Rd3 21. Qg5
Qd7 22. Nd4 Bxd4 23. cxd4 Rxd4 24. Rc5 e3 25. Qxe3 Rg8 26. g3 Rd1 27. f3 Re8 28.
Re5 Rxf1+ 29. Kxf1 Qd1+ 30. Kg2 Rxe5 31. Qxe5 Qxf3+ 32. Kh3 Bd7+ 33. Kh4 Qg4# 0-1

[Event "104th ch-GBR 2017"]
[Site "Llandudno WLS"]
[Date "2017.07.31"]
[Round "3.3"]
[White "McShane, Luke J"]
[Black "McPhillips, Joseph"]
[Result "1/2-1/2"]
[WhiteTitle "GM"]
[BlackTitle "FM"]
[WhiteElo "2644"]
[BlackElo "2400"]
[WhiteFideId "404853"]
[BlackFideId "422487"]
[EventDate "2017.07.29"]

1. e4 e6 2. d4 d5 3. Nd2 h6 4. c3 c5 5. exd5 exd5 6. Ngf3 Nc6 7. Bb5 Qe7+ 8. Qe2
Qxe2+ 9. Kxe2 a6 10. Bxc6+ bxc6 11. Re1 Be6 12. Nb3 c4 13. Na5 Bd6 14. Nxc6 Nf6
15. Be3 O-O 16. Nd2 a5 17. Ne5 a4 18. b3 axb3 19. axb3 cxb3 20. Nxb3 Ne4 21. f3
Rab8 22. Nd2 Nxc3+ 23. Kf2 Bxe5 24. dxe5 Rfd8 25. Bd4 Nb5 26. Ra4 Rdc8 27. Rb1
Bf5 28. Rb2 Nc7 29. Rxb8 Rxb8 30. Nf1 Bc2 31. Ra2 Bd3 32. Ne3 Rb4 33. Bc5 Rb5
34. Ba7 Ne6 35. Rd2 Bc4 36. Bd4 Rb3 37. h4 h5 38. Ba1 Rb1 39. Bb2 Nf4 40. Bc3
Rb3 41. Ba1 Rb1 42. Bd4 Kh7 43. Nf5 Ne6 44. Kg3 Rb3 45. Bf2 Nf8 46. Nd6 Kg6 47.
Rc2 Nd7 48. Bd4 Rd3 49. Bb2 Rb3 50. Bd4 Rd3 51. Ba1 Ra3 52. Bc3 Rb3 53. Nc8 Kh7
54. Nd6 Kg6 55. Rc1 Ra3 56. Bb2 Rb3 57. Ba1 Ra3 58. Nxc4 dxc4 59. Bd4 Ra4 60.
Kf4 Nf8 61. Ke4 1/2-1/2

[Event "104th ch-GBR 2017"]
[Site "Llandudno WLS"]
[Date "2017.07.31"]
[Round "3.4"]
[White "Eggleston, David J"]
[Black "Adair, James R"]
[Result "1/2-1/2"]
[WhiteTitle "IM"]
[BlackTitle "IM"]
[WhiteElo "2394"]
[BlackElo "2481"]
[WhiteFideId "412120"]
[BlackFideId "406252"]
[EventDate "2017.07.29"]

1. e4 c5 2. Nf3 e6 3. d4 cxd4 4. Nxd4 Nc6 5. Nc3 Qc7 6. Be3 a6 7. Qd2 Nf6 8.
O-O-O Be7 9. f4 b5 10. e5 b4 11. exf6 bxc3 12. Qxc3 Bxf6 13. g4 h6 14. h4 Bb7
15. Rh2 Qd6 16. Rf2 Qb4 17. Qxb4 Nxb4 18. g5 Be7 19. c3 Nd5 20. Bd2 Bc5 21. Bg2
Rc8 22. Kb1 hxg5 23. hxg5 Rb8 24. Re2 Bxd4 25. cxd4 Ne7 26. Bxb7 Rxb7 27. Rc1
Rh4 28. Ree1 Rh2 29. Rc2 d6 30. g6 Kf8 31. a3 Rg2 32. Bb4 Rxc2 33. Kxc2 Rb6 34.
gxf7 Kxf7 35. Rh1 Kf6 36. Rg1 Nf5 37. Kd3 a5 38. Bc3 d5 39. Rh1 a4 40. Rh8 Ra6
41. Bb4 Ng3 42. Rh3 Ne4 43. Rh8 Kf5 44. Rf8+ Nf6 45. Rf7 Kg6 46. Rf8 Kf5 47. Rf7
Kg6 1/2-1/2

[Event "104th ch-GBR 2017"]
[Site "Llandudno WLS"]
[Date "2017.07.31"]
[Round "3.5"]
[White "Zakarian, David"]
[Black "Emms, John M"]
[Result "1/2-1/2"]
[WhiteTitle "FM"]
[BlackTitle "GM"]
[WhiteElo "2360"]
[BlackElo "2468"]
[WhiteFideId "13301276"]
[BlackFideId "400254"]
[EventDate "2017.07.29"]

1. e4 c5 2. Nf3 Nc6 3. Bb5 Nf6 4. Nc3 Qc7 5. O-O Nd4 6. Re1 a6 7. e5 Nxb5 8.
exf6 Nxc3 9. dxc3 gxf6 10. Nh4 d6 11. Qh5 Bd7 12. Nf5 e6 13. Ng3 d5 14. Qxd5 Bc6
15. Qf5 O-O-O 16. Qxf6 Bd6 17. Qh4 Rdg8 18. Bg5 Rg6 19. Rad1 Rhg8 20. Bf6 Bf4
21. Qxh7 Re8 22. Bg7 Qe7 23. Be5 Rh6 24. Qd3 Qh4 25. h3 Rg8 26. Qd6 Bxe5 27.
Rxe5 Qf4 28. Rxc5 Qxd6 29. Rxd6 Kc7 30. Rd3 f5 31. f4 Rhg6 32. Kf2 b5 33. Re5
Bd5 34. b3 Kb6 35. Rexd5 exd5 36. h4 Rg4 37. Nxf5 Rxg2+ 38. Ke3 Re8+ 39. Kf3
Rxc2 40. Kg4 Rg2+ 41. Kf3 Rxa2 42. b4 a5 43. bxa5+ Rxa5 44. Rxd5 Ra3 45. Rxb5+
Kxb5 46. Nd6+ Kc6 47. Nxe8 Rxc3+ 48. Kg4 Kd7 49. Nf6+ Ke6 50. Kg5 Kf7 51. h5 Kg7
52. h6+ Kh8 53. f5 Ra3 54. Nd7 Rg3+ 55. Kf4 Rg1 56. Nf8 Rh1 57. Kg5 Rg1+ 58. Kh5
Rh1+ 59. Kg6 Rg1+ 60. Kf7 Rh1 61. f6 Rxh6 62. Ng6+ Rxg6 63. Kxg6 Kg8 64. f7+ Kf8
65. Kf6 1/2-1/2

[Event "104th ch-GBR 2017"]
[Site "Llandudno WLS"]
[Date "2017.07.31"]
[Round "3.6"]
[White "Fitzsimons, David"]
[Black "Ghasi, Ameet K"]
[Result "1/2-1/2"]
[WhiteTitle "FM"]
[BlackTitle "IM"]
[WhiteElo "2352"]
[BlackElo "2467"]
[WhiteFideId "2501961"]
[BlackFideId "409200"]
[EventDate "2017.07.29"]

1. e4 d6 2. d4 Nf6 3. Nc3 g6 4. f4 Bg7 5. Nf3 O-O 6. e5 dxe5 7. fxe5 Nd5 8. Bc4
Be6 9. Bxd5 Bxd5 10. Nxd5 Qxd5 11. Qe2 b5 12. a4 c6 13. O-O Nd7 14. axb5 cxb5
15. Ra5 a6 16. Bd2 Rfc8 17. Bb4 Nb8 18. Bc5 Nc6 19. Raa1 Nxe5 20. Nxe5 Bxe5 21.
c3 Bd6 22. Bxd6 exd6 23. Rf6 Re8 24. Qf2 Ra7 25. h3 a5 26. Rf1 Rae7 27. Qg3 Rd7
28. h4 Re2 29. R1f5 Qe4 30. h5 Re3 31. Qg5 h6 32. Qxh6 Re1+ 33. Rf1 Rxf1+ 34.
Rxf1 b4 35. hxg6 Qxg6 36. Qxg6+ fxg6 37. cxb4 axb4 38. Rc1 Kf7 39. Rc6 Ke6 40.
Rb6 Kd5 41. Rxb4 Ke4 42. Kf2 d5 43. Ke2 Rc7 44. Kd2 Rf7 45. Ke2 g5 46. Rb6 Rc7
47. Kd2 Rf7 48. Ke2 Kxd4 49. Rb4+ Kc5 50. Rg4 Rb7 51. Rxg5 Rxb2+ 52. Kd3 Ra2 53.
Kc3 Ra3+ 54. Kb2 Re3 55. Kc2 Kc4 56. Kd2 Ra3 57. Rg8 Ra2+ 58. Kc1 d4 59. Rg3 Rf2
60. Kd1 d3 1/2-1/2

[Event "104th ch-GBR 2017"]
[Site "Llandudno WLS"]
[Date "2017.07.31"]
[Round "3.7"]
[White "Gormally, Daniel W"]
[Black "Claridge-Hansen, William"]
[Result "1-0"]
[WhiteTitle "GM"]
[BlackTitle "FM"]
[WhiteElo "2462"]
[BlackElo "2267"]
[WhiteFideId "406465"]
[BlackFideId "422509"]
[EventDate "2017.07.29"]

1. d4 Nf6 2. Nf3 e6 3. c4 b6 4. a3 Ba6 5. e3 d5 6. Nbd2 Be7 7. Bd3 O-O 8. O-O
Nbd7 9. b3 c5 10. Bb2 Rc8 11. Qe2 Bb7 12. Rfd1 Qc7 13. Rac1 Qb8 14. cxd5 exd5
15. Ne5 Nxe5 16. dxe5 Ne4 17. Nxe4 dxe4 18. Bc4 Rcd8 19. e6 f6 20. Rd7 Rxd7 21.
exd7+ Kh8 22. Rd1 Qc7 23. Qg4 Qc6 24. Bd5 Qxd5 25. Rxd5 Bxd5 26. Qf5 Bxb3 27.
Qxe4 Bd8 28. Qd3 Ba2 29. Qd6 Kg8 30. e4 Rf7 31. f4 Re7 32. f5 Rf7 33. g4 Bc4 34.
Qc6 Kf8 35. e5 fxe5 36. Bxe5 g6 37. f6 Kg8 38. Qc8 Rf8 39. Bd6 1-0

[Event "104th ch-GBR 2017"]
[Site "Llandudno WLS"]
[Date "2017.07.31"]
[Round "3.8"]
[White "Storey, Charles H"]
[Black "Ward, Chris G"]
[Result "0-1"]
[WhiteTitle "FM"]
[BlackTitle "GM"]
[WhiteElo "2214"]
[BlackElo "2441"]
[WhiteFideId "406686"]
[BlackFideId "400203"]
[EventDate "2017.07.29"]

1. Nf3 c5 2. c4 g6 3. d4 cxd4 4. Nxd4 Bg7 5. e4 Nc6 6. Be3 Nf6 7. Nc3 Ng4 8.
Qxg4 Nxd4 9. Qd1 e5 10. h4 d6 11. h5 Be6 12. Qd2 Rc8 13. Nd5 Bxd5 14. exd5 O-O
15. Bd3 Re8 16. hxg6 fxg6 17. Rc1 e4 18. Be2 Nf5 19. Bg4 Qf6 20. b3 b6 21. a4
Rc7 22. Bxf5 Qxf5 23. a5 Qg4 24. Kf1 Rf7 25. Kg1 bxa5 26. Qxa5 Qe2 27. Qe1 Qxe1+
28. Rxe1 Rb7 29. Rb1 a5 30. Bf4 a4 31. Bxd6 Rxb3 32. Kh2 Ra8 33. Rbe1 a3 34.
Bxa3 Be5+ 35. g3 Raxa3 36. Rxe4 Bd6 37. Re8+ Kg7 38. Rd8 Bc5 39. Rd7+ Kf6 40.
Re1 Bxf2 41. Rf1 Rb2 42. Rxh7 Kg5 43. Kh1 Bxg3 44. c5 Rd3 45. Rg1 Kg4 46. Rh6 g5
47. Rc1 Rxd5 48. c6 Rbd2 49. Rg1 Rd1 50. Rxd1 Rxd1+ 51. Kg2 Rd2+ 52. Kf1 Kf3 53.
Rf6+ Bf4 54. Ke1 Rc2 0-1

[Event "104th ch-GBR 2017"]
[Site "Llandudno WLS"]
[Date "2017.07.31"]
[Round "3.9"]
[White "Hawkins, Jonathan"]
[Black "Jones, Steven A"]
[Result "1-0"]
[WhiteTitle "GM"]
[WhiteElo "2582"]
[BlackElo "2171"]
[WhiteFideId "412686"]
[BlackFideId "419630"]
[EventDate "2017.07.29"]

1. d4 Nf6 2. c4 g6 3. Nc3 Bg7 4. e4 O-O 5. Be2 d6 6. Be3 e5 7. d5 Na6 8. g4 Nc5
9. f3 a5 10. Nh3 Bd7 11. Nf2 c6 12. dxc6 Bxc6 13. Qd2 Ne6 14. h4 Nd4 15. h5 a4
16. Bd1 Re8 17. Rh3 Qa5 18. Rc1 b5 19. cxb5 Bxb5 20. hxg6 hxg6 21. f4 Bc6 22. g5
Nd7 23. fxe5 dxe5 24. Nd5 Bxd5 25. Qxa5 Rxa5 26. exd5 a3 27. b4 Rxd5 28. Ne4 Bf8
29. Bd2 Ne6 30. Rc4 Ra8 31. Bg4 Be7 32. Bxe6 fxe6 33. Rc7 Ra4 34. Nc3 Rxb4 35.
Nxd5 Rb1+ 36. Ke2 1-0

[Event "104th ch-GBR 2017"]
[Site "Llandudno WLS"]
[Date "2017.07.31"]
[Round "3.10"]
[White "Pert, Nicholas"]
[Black "Jackson, James P"]
[Result "0-1"]
[WhiteTitle "GM"]
[BlackTitle "FM"]
[WhiteElo "2558"]
[BlackElo "2286"]
[WhiteFideId "403989"]
[BlackFideId "416860"]
[EventDate "2017.07.29"]

1. d4 Nf6 2. Nf3 d5 3. c4 e6 4. Nc3 c6 5. cxd5 exd5 6. Qc2 Be7 7. Bg5 Nbd7 8. e3
Nh5 9. Bxe7 Qxe7 10. Bd3 Nf4 11. O-O Nxd3 12. Qxd3 O-O 13. Na4 Nf6 14. Rfc1 Ne4
15. Nc5 Re8 16. b4 Qf6 17. Qf1 Nd6 18. a4 Nc4 19. Nd3 a5 20. b5 cxb5 21. axb5
Bd7 22. Rcb1 Bg4 23. Nde5 Bxf3 24. Nxf3 b6 25. Qd3 Rac8 26. Rc1 Rc7 27. Nd2 Rec8
28. Nxc4 Rxc4 29. Rxc4 Rxc4 30. h3 g6 31. Qa3 Qd8 32. Rb1 Qc7 33. g4 Rc3 34. Qa2
Qd6 35. Kg2 Qe6 36. Re1 Qe4+ 37. f3 Rc2+ 38. Kg3 Qd3 39. Qxd5 Qd2 40. Qd8+ Kg7
41. Rf1 Qg2+ 42. Kf4 Qxf1 43. Qxb6 Rb2 44. g5 Qxb5 45. Qf6+ Kf8 46. Qd8+ Qe8 47.
Qxa5 Qb8+ 48. Ke4 Rb5 49. Qa3+ Kg8 50. Qe7 Qa8+ 51. Kd3 Rb3+ 52. Kc4 Qa4+ 53.
Kd5 Rb5+ 54. Ke4 Qc2+ 55. Kf4 Qf5+ 0-1

[Event "104th ch-GBR 2017"]
[Site "Llandudno WLS"]
[Date "2017.07.31"]
[Round "3.12"]
[White "Williams, Simon K"]
[Black "Merriman, John"]
[Result "0-1"]
[WhiteTitle "GM"]
[WhiteElo "2442"]
[BlackElo "2221"]
[WhiteFideId "404454"]
[BlackFideId "402362"]
[EventDate "2017.07.29"]

1. e4 e6 2. d4 d5 3. Nd2 Nf6 4. e5 Nfd7 5. Bd3 c5 6. c3 Nc6 7. Ngf3 Qb6 8. O-O
cxd4 9. cxd4 a5 10. Nb1 Nxd4 11. Nxd4 Qxd4 12. Nc3 Bc5 13. Re1 Qxf2+ 14. Kh1 O-O
15. Bg5 f5 16. exf6 Nxf6 17. Rf1 Qd4 18. Qc2 b6 19. Rae1 Qg4 20. Bxf6 Rxf6 21.
Bxh7+ Kh8 22. Rxf6 gxf6 23. Nxd5 Qh4 24. Re4 Qxh7 25. Nxf6 Qf5 26. Rh4+ Kg7 27.
Nh5+ Kg8 28. Qc1 Be7 29. Rh3 Bb7 30. Rg3+ Kf7 31. Rg7+ Kf8 32. Rxe7 Rc8 33. Re8+
Rxe8 0-1